000 00655nam a2200289Ia 4500
005 20260324150013.0
008 008 260324s9999 xx 000 0 eng d
020 _a9780429482267
037 _aEBOOK
040 _aCRL
040 _beng
040 _cCRL
041 _2eng
041 _aeng
084 _qCRL
100 _aLionel Kreeger
_91224936
245 4 _aThe Large Group
245 0 _bDynamics and Therapy
260 _bTaylor and Francis
260 _c1975
365 _a
365 _b200
856 _uhttp://www.taylorfrancis.com/books/9780429482267
942 _cEBOOK
999 _c1833660
_d1833660